UM Logo

Advertising and promotion : (Record no. 16745)

MARC details
000 -LEADER
fixed length control field 00720nam a2200193 4500
008 - FIXED-LENGTH DATA ELEMENTS--GENERAL INFORMATION
fixed length control field 220316b ||||| |||| 00| 0 eng d
020 ## - INTERNATIONAL STANDARD BOOK NUMBER
International Standard Book Number 9781260570991
082 ## - DEWEY DECIMAL CLASSIFICATION NUMBER
Edition number 2021
Classification number DC 659.1
Item number B410
100 ## - MAIN ENTRY--PERSONAL NAME
Personal name Belch, George E.
9 (RLIN) 5215
245 ## - TITLE STATEMENT
Title Advertising and promotion :
Remainder of title in integrated marketing communications perspective /
Statement of responsibility, etc. George E. Belch and Michael A. Belch.
250 ## - EDITION STATEMENT
Edition statement 12th edition.
260 ## - PUBLICATION, DISTRIBUTION, ETC. (IMPRINT)
Place of publication, distribution, etc. New York :
Name of publisher, distributor, etc. McGraw Hill Education ,
Date of publication, distribution, etc. ©2021.
300 ## - PHYSICAL DESCRIPTION
Extent xxxi, 740 pages :
Other physical details color illustrations ;
Dimensions 27 cm.
500 ## - GENERAL NOTE
General note Includes glossary and indexes.
650 ## - SUBJECT ADDED ENTRY--TOPICAL TERM
Topical term or geographic name as entry element Advertising.
9 (RLIN) 44772
650 ## - SUBJECT ADDED ENTRY--TOPICAL TERM
Topical term or geographic name as entry element Advertising
General subdivision Social aspects.
9 (RLIN) 44773
700 ## - ADDED ENTRY--PERSONAL NAME
Personal name Belch, Michael A.
Relator term author.
9 (RLIN) 5216
942 ## - ADDED ENTRY ELEMENTS (KOHA)
Source of classification or shelving scheme Dewey Decimal Classification
Koha item type Circulation
Holdings
Withdrawn status Lost status Source of classification or shelving scheme Damaged status Not for loan Collection code Home library Current library Shelving location Date acquired Source of acquisition Cost, normal purchase price Total Checkouts Full call number Barcode Date last seen Date last checked out Price effective from Koha item type
    Dewey Decimal Classification     Circulation UM Digos College - LIC UM Digos College - LIC Book Cart 02/10/2022 Purchased 3506.00 2 DC 659.1 B410 2021 26554 05/15/2025 09/24/2024 03/16/2022 Circulation